Diseño de un sistema de gestión de los procesos de pre-venta de la División Purdy Trabajo del Grupo Purdy Motor

Guardat en:
Dades bibliogràfiques
Autor principal: Barquero Bárcenas, Margarita
Altres autors: Flores García, Fabían, Henderson Carazo, Santiago
Format: Llibre
Idioma:Spanish
Publicat: [San José, Costa Rica] 2015
Matèries:
Etiquetes: Afegir etiqueta
Sense etiquetes, Sigues el primer a etiquetar aquest registre!

MARC

LEADER 00000nam a22000007a 4500
003 012146
005 20221231143907.0
008 150527b2015 cr a|||| |||| 00| 0 spa d
040 |c cru CEDI  
090 |a TFG 7311 
100 |9 791  |a Barquero Bárcenas, Margarita 
245 |a Diseño de un sistema de gestión de los procesos de pre-venta de la División Purdy Trabajo del Grupo Purdy Motor  
260 |a  [San José, Costa Rica]  |c 2015 
500 |a Proyecto de graduación (licenciatura en ingeniería industrial)--Universidad de Costa Rica. Facultad de Ingeniería. Escuela de Ingeniería Industrial 
650 |x ADMINISTRACION  |x SERVICIO AL CLIENTE  |x GESTION DE INFORMACION  |x PURDY MOTOR (COSTA RICA)  |9 794 
700 |9 792  |a Flores García, Fabían 
700 |9 793  |a Henderson Carazo, Santiago 
942 |c TFG 
999 |c 13851  |d 13851